| 000 | nam a22 a 4500 | ||
|---|---|---|---|
| 999 |
_c175918 _d175918 |
||
| 003 | BLK | ||
| 005 | 20220630143239.0 | ||
| 008 | 180411b bul|||||r ||||||| ||bul|| | ||
| 010 | _aKNG00184520000 | ||
| 020 | _a978-954-365-133-7 | ||
| 040 | _aBLK | ||
| 041 |
_aBUL _cBUL |
||
| 072 | 7 |
_2bullib _aН83 _xЧужда художествена литература Н |
|
| 080 |
_aТурска литература _b821.512.161 _x-31 _z821.512.161-31 |
||
| 100 | 1 |
_aТунч, Айфер _eпърви автор _9131777 |
|
| 139 |
_aТунч, Айфер _bТ 90 |
||
| 245 | 1 | 0 |
_aКриво-ляво разказаната кратка история на една лудница _cАйфер Тунч; прев. от тур. Рюстем Азис Каракурт. |
| 257 | _aTUR | ||
| 260 |
_bЕднорог _c2013 _fСофия : Инвестпрес |
||
| 300 |
_a560 с. _c20 см |
||
| 380 | _aX | ||
| 500 | _aОриг. загл. Bir deliler evinin yalan yanlis anlatilan kisa tarihi / Ayfer Tunc. - Азб. показалец. | ||
| 653 | _aромани | ||
| 659 | _aН | ||
| 700 | 1 |
_aКаракурт, Рюстем Азис _eпрев. от тур. _976691 |
|
| 852 | _aЦб 277879 | ||
| 856 | 4 | _qpdf | |
| 856 | 4 | _qpdf | |
| 942 |
_cKNG _n0 _09 |
||
| 944 |
_aCR _c06.11.2015 _lф / _kВиолета_Тройчева |
||
| 944 |
_aED _c12.02.2016 _lф / _kЛюдмила_Стоянова |
||
| 999 | _d175918 | ||